00985nam a2200217 i 450000100060000000300090000600500170001500700030003200800410003510000290007624500660010526000660017130000460023749000200028365100340030383000280033785202440036594200200060999900170062995201210064675599ES-MaACL20250404190024.0t|040927s1949 fr ||||1| fre d1 aGrousset, René.96021114aLes civilisations de l'Orient b: L'Inde / cRené Grousset. aParis : bEditions d'Histoire et d'Art, c1949 (fMeaux Plon) aIII, 171 p., 31 lám. : bil. ; c24 cm.1 aArs et historia 4aIndia-xCivilización.988370 aArs et historia9188921 aES-MaACLjD-6575 bR.30768bR.M.6166978441 cSVIfSello en tinta azul de la Biblioteca del Ateneo de MadridgAnotación manuscrita en cubierta: "2"zEtiqueta en hoja de guarda: "Espasa-Calpe S.A. pesetas 34"zEn cubierta: !16. ABR. 1951" 2udccMONOGRAFIA c75599d75599 00104070aATENEOMbATENEOMcSVId2008-01-17eSCl0oD-6575p901079127r2023-02-23 00:00:00w2023-02-23yMONOGRAFIA